Shogunate ranks remastered - Statistics

General Stats
  • This quiz has been taken 115 times
  • The average score is 5 of 9
Answer Stats
Hint Answer % Correct
Military leader Shogun
100%
Warrior Samurai
95%
Clan leader of the warriors Daimyo
64%
Hirable warrior Ronin
59%
Emperor/god Tenno
50%
Lowest of the low, often referred to as the outcast. Burakumin
32%
Peasant Noumin
27%
Merchant Shounin
27%
Artisman Shokunin
23%
No matching quizzes found
Score Distribution
Percent of People with Each Score
Percentile by Number Answered
Your Score History
You have not taken this quiz